Statistiques concernant Pays d'Asie avec les noms les plus courts

Cliquez ici pour prendre le quiz!

Statistiques générales

  • Ce quiz a été pris 218 fois
  • Le résultat moyen est 10 sur 12

Statistiques - réponses

Pays% Correct
Chine
92%
Japon
91%
Laos
91%
Irak
89%
Inde
88%
Iran
88%
Oman
85%
Qatar
83%
Yémen
83%
Liban
82%
Népal
81%
Syrie
80%

Distribution des résultats

Percentile par nombre de réponses

% des personnes avec chaque résultat

Votre développement - résultats

Vous n’avez pas pris ce quiz